[Event "Malakoff op 10th"]
[Site "Malakoff"]
[Date "2010.04.20"]
[Round "5"]
[White "MacDonald, Chistopher"]
[Black "Malaniuk, Vladimir P"]
[Result "1/2-1/2"]
[WhiteElo "2128"]
[BlackElo "2582"]
[PlyCount "97"]
[EventDate "2010.04.18"]
[EventType "swiss"]
[EventCountry "FRA"]

1. d4 Nf6 2. Nf3 d6 3. g3 Nbd7 4. Bg2 e5 5. c4 c6 6. O-O Be7 7. Nc3 O-O 8. e4
a6 9. Qc2 Re8 10. b3 Bf8 11. Bb2 b5 12. cxb5 axb5 13. Rad1 Bb7 14. Rfe1 Qb8 15.
Qb1 Nb6 16. Rd2 Ba6 17. Nd1 Bb7 18. Bc3 c5 19. dxc5 dxc5 20. Bf1 Bc6 21. Bd3
Nbd7 22. Qa1 Bd6 23. Rde2 c4 24. bxc4 Nc5 25. Qb1 Nxd3 26. Qxd3 bxc4 27. Qd2
Ra7 28. Nh4 Bf8 29. Qg5 h6 30. Qd2 Bc5 31. Nf5 Kh7 32. Kg2 Rd7 33. Qc1 Bd4 34.
f3 Bb5 35. Rb2 Rb7 36. Bxd4 exd4 37. Nxd4 Ba6 38. Rxb7 Qxb7 39. Ne3 Qb6 40.
Ndf5 Rb8 41. Nxc4 Qe6 42. Nfe3 Rc8 43. Qb1 Bxc4 44. e5+ g6 45. Nxc4 Qxc4 46.
exf6 Ra8 47. Rf1 Rxa2+ 48. Rf2 Rxf2+ 49. Kxf2 1/2-1/2

[Event "Malakoff op 10th"]
[Site "Malakoff"]
[Date "2010.04.20"]
[Round "5"]
[White "Shirazi, Kamran "]
[Black "Nguyen Chi Minh"]
[Result "1-0"]
[WhiteElo "2457"]
[BlackElo "2439"]
[PlyCount "128"]
[EventDate "2010.04.18"]
[EventType "swiss"]
[EventCountry "FRA"]

1. d4 e6 2. c4 Nf6 3. Nc3 Bb4 4. e3 b6 5. Nge2 Ba6 6. Qa4 c5 7. a3 Bxc3+ 8.
Nxc3 O-O 9. dxc5 bxc5 10. e4 Qb6 11. Qd1 Nc6 12. Rb1 Rab8 13. Bg5 Qb3 14. Bxf6
gxf6 15. Qg4+ Kh8 16. Qh4 Rg8 17. Qxf6+ Rg7 18. Be2 Bxc4 19. O-O Kg8 20. Bxc4
Qxc4 21. Rfd1 Nd4 22. Kh1 Qa6 23. b4 Rg6 24. Qf4 d6 25. bxc5 Rxb1 26. Rxb1 e5
27. Qe3 dxc5 28. Nd5 Kg7 29. Ne7 Rb6 30. Rc1 f6 31. Nf5+ Nxf5 32. exf5 c4 33.
h4 Rd6 34. h5 Qa4 35. h6+ Kf7 36. Qf3 c3 37. Qxc3 Rd1+ 38. Rxd1 Qxd1+ 39. Kh2
Qh5+ 40. Qh3 Qd1 41. Qe3 Qh5+ 42. Kg3 Qxf5 43. Qxa7+ Ke6 44. Qb6+ Kd7 45. Qb7+
Kd8 46. Qd5+ Kc7 47. Qc4+ Kd6 48. Qh4 Kc7 49. Qg4 Qd3+ 50. Kh2 Kd6 51. Qb4+ Ke6
52. Qb6+ Ke7 53. Qe3 Qc2 54. g3 Qa2 55. Qa7+ Ke6 56. a4 Qe2 57. a5 e4 58. Qe3
Qh5+ 59. Kg1 Qd1+ 60. Kg2 Qd5 61. a6 Kf5 62. a7 Kg6 63. g4 Qc6 64. Qf4 Kf7 1-0

[Event "Malakoff op 10th"]
[Site "Malakoff"]
[Date "2010.04.21"]
[Round "6"]
[White "Kozhuharov, Spas"]
[Black "Cornette, Matthieu"]
[Result "0-1"]
[WhiteElo "2412"]
[BlackElo "2552"]
[PlyCount "38"]
[EventDate "2010.04.18"]
[EventType "swiss"]
[EventCountry "FRA"]

1. d4 Nf6 2. c4 e6 3. Nc3 Bb4 4. Qc2 O-O 5. a3 Bxc3+ 6. Qxc3 Qe8 7. f3 d6 8.
Bg5 Nfd7 9. e3 e5 10. d5 a5 11. b4 f5 12. Bh4 axb4 13. axb4 Rxa1+ 14. Qxa1 Na6
15. Qa3 Nb6 16. c5 Nxd5 17. Bc4 Be6 18. cxd6 Naxb4 19. Qb3 cxd6 0-1

[Event "Malakoff op 10th"]
[Site "Malakoff"]
[Date "2010.04.21"]
[Round "6"]
[White "Guilleux, Fabien"]
[Black "Sengupta, Deep"]
[Result "1-0"]
[WhiteElo "2358"]
[BlackElo "2496"]
[PlyCount "47"]
[EventDate "2010.04.18"]
[EventType "swiss"]
[EventCountry "FRA"]

1. d4 d5 2. Nf3 Nf6 3. c4 c6 4. Nc3 a6 5. c5 Nbd7 6. Bf4 Nh5 7. e3 b6 8. b4 a5
9. a3 g6 10. b5 Bb7 11. Nxd5 Nxf4 12. Nxf4 bxc5 13. bxc6 Bxc6 14. d5 Bb7 15.
Rb1 Ba6 16. Bxa6 Rxa6 17. Qa4 Bg7 18. Rb7 Rb6 19. Rxb6 Bc3+ 20. Ke2 Qxb6 21.
Rc1 Bg7 22. Nd3 Kd8 23. Ng5 Rf8 24. Ne4 1-0

[Event "Malakoff op 10th"]
[Site "Malakoff"]
[Date "2010.04.21"]
[Round "6"]
[White "Abbasov, Farid"]
[Black "Das, Arghyadip"]
[Result "1/2-1/2"]
[WhiteElo "2549"]
[BlackElo "2419"]
[PlyCount "55"]
[EventDate "2010.04.18"]
[EventType "swiss"]
[EventCountry "FRA"]

1. Nf3 Nf6 2. c4 g6 3. Nc3 d5 4. cxd5 Nxd5 5. Qa4+ Bd7 6. Qh4 Nxc3 7. bxc3 Nc6
8. Rb1 b6 9. d4 e6 10. Qxd8+ Rxd8 11. h4 h6 12. e4 Na5 13. Bf4 Bd6 14. Be5 Rg8
15. Bf6 Be7 16. e5 Bc6 17. Bb5 Bxb5 18. Rxb5 Rd5 19. Rxd5 exd5 20. Bxe7 Kxe7
21. h5 g5 22. Nh2 f5 23. exf6+ Kxf6 24. Ng4+ Kg7 25. Ne3 Re8 26. O-O c6 27. Re1
Kh7 28. Rd1 1/2-1/2

[Event "Malakoff op 10th"]
[Site "Malakoff"]
[Date "2010.04.21"]
[Round "6"]
[White "Guliyev, Namig"]
[Black "Debray, Christopher"]
[Result "1-0"]
[WhiteElo "2516"]
[BlackElo "2357"]
[PlyCount "109"]
[EventDate "2010.04.18"]
[EventType "swiss"]
[EventCountry "FRA"]

1. e4 e6 2. d4 d5 3. Nc3 Nf6 4. e5 Nfd7 5. f4 c5 6. Nf3 Nc6 7. Be3 Qb6 8. Na4
Qa5+ 9. c3 cxd4 10. b4 Nxb4 11. cxb4 Bxb4+ 12. Bd2 Bxd2+ 13. Nxd2 O-O 14. Bd3
b5 15. Nb2 Nb6 16. Ke2 Nc4 17. Qc1 f6 18. a4 fxe5 19. axb5 Qxd2+ 20. Qxd2 Nxd2
21. Kxd2 e4 22. b6 a6 23. Rhc1 exd3 24. Nxd3 Rb8 25. Rc6 Bd7 26. Rc7 Bb5 27. b7
Rf7 28. Rc8+ Rf8 29. Rc7 Rf7 30. Rc8+ Rf8 31. Rxb8 Rxb8 32. Nc5 Kf7 33. Re1 Bc6
34. Rxe6 Rxb7 35. Rxc6 Rb2+ 36. Kd3 Rxg2 37. Kxd4 Rxh2 38. Kxd5 a5 39. Ne4 Rh5+
40. Ng5+ Ke7 41. Rc7+ Kf6 42. Rf7+ Kg6 43. Ke6 Rh1 44. Nf3 a4 45. Ne5+ Kh6 46.
Ng4+ Kh5 47. Rxg7 h6 48. Kf5 Rb1 49. Ra7 Rb4 50. Nf6+ Kh4 51. Nd5 Rc4 52. Ke5
Kg3 53. f5 h5 54. f6 h4 55. Rg7+ 1-0

[Event "Malakoff op 10th"]
[Site "Malakoff"]
[Date "2010.04.21"]
[Round "6"]
[White "Boric, Elena"]
[Black "Calistri, Tristan"]
[Result "0-1"]
[WhiteElo "2263"]
[BlackElo "2400"]
[PlyCount "90"]
[EventDate "2010.04.18"]
[EventType "swiss"]
[EventCountry "FRA"]

1. Nf3 c5 2. e4 e6 3. d3 Nc6 4. g3 g6 5. Bg2 Bg7 6. O-O Nge7 7. c3 e5 8. Be3 d6
9. Nh4 O-O 10. f4 exf4 11. Bxf4 d5 12. Nd2 h6 13. Nhf3 Be6 14. Kh1 Qd7 15. Qe2
Rad8 16. Nb3 b6 17. Rad1 d4 18. c4 g5 19. Bc1 Ng6 20. h4 g4 21. Ng1 h5 22. Qe1
Nce5 23. Ne2 Qa4 24. Nf4 Qxa2 25. Nxh5 Qxb3 26. Qd2 Qxd3 27. Qf2 Qb3 28. Nxg7
Kxg7 29. Qf6+ Kh7 30. h5 Qxg3 31. hxg6+ Nxg6 32. Kg1 Qe5 33. Bg5 Bxc4 34. Rf5
Qg3 35. Bc1 Rd6 36. Rh5+ Kg8 37. Qg5 Re8 38. Qh6 Re5 39. Qh7+ Kf8 40. Bh6+ Ke7
41. Rf5 Rxf5 42. exf5 Ne5 43. f6+ Rxf6 44. Bg7 Nf3+ 45. Kh1 Re6 0-1

[Event "Malakoff op 10th"]
[Site "Malakoff"]
[Date "2010.04.22"]
[Round "7"]
[White "Diamant, Andre"]
[Black "David, Alberto"]
[Result "1/2-1/2"]
[WhiteElo "2486"]
[BlackElo "2616"]
[PlyCount "30"]
[EventDate "2010.04.18"]
[EventType "swiss"]
[EventCountry "FRA"]

1. e4 c5 2. Nf3 e6 3. d4 cxd4 4. Nxd4 a6 5. c4 Nf6 6. Nc3 Bb4 7. Bd3 Nc6 8. a3
Bxc3+ 9. bxc3 Ne5 10. f4 Nxd3+ 11. Qxd3 d6 12. O-O e5 13. fxe5 dxe5 14. Bg5
exd4 15. e5 dxc3 1/2-1/2

[Event "Malakoff op 10th"]
[Site "Malakoff"]
[Date "2010.04.22"]
[Round "7"]
[White "Cornette, Matthieu"]
[Black "Guilleux, Fabien"]
[Result "1/2-1/2"]
[WhiteElo "2552"]
[BlackElo "2358"]
[PlyCount "116"]
[EventDate "2010.04.18"]
[EventType "swiss"]
[EventCountry "FRA"]

1. d4 Nf6 2. c4 g6 3. Nc3 Bg7 4. e4 d6 5. Nf3 O-O 6. Be2 a5 7. O-O Na6 8. Re1
e5 9. Be3 Re8 10. dxe5 dxe5 11. Qxd8 Rxd8 12. Nxe5 Nxe4 13. Nxf7 Kxf7 14. Nxe4
Bxb2 15. Rab1 Bd4 16. Rbd1 c5 17. Bf3 Bf5 18. Ng5+ Kg7 19. Bxd4+ cxd4 20. g4 h6
21. gxf5 hxg5 22. Re7+ Kf6 23. Rxb7 Rab8 24. Rxb8 Nxb8 25. fxg6 Na6 26. Bd5 Nb4
27. a3 Nc2 28. a4 Re8 29. Bf7 Rb8 30. Kg2 Rb3 31. Bd5 d3 32. Be4 Rc3 33. Kf3
Nb4 34. c5 Rxc5 35. Bxd3 Nxd3 36. Rxd3 Kxg6 37. Rd4 Kf5 38. Kg3 Rc3+ 39. f3 Ra3
40. h4 gxh4+ 41. Rxh4 Kg6 42. Rd4 Kf6 43. Kf4 Ke6 44. Ke4 Ra1 45. f4 Ra2 46.
Rc4 Ra1 47. f5+ Kf6 48. Rc6+ Kf7 49. Ke5 Re1+ 50. Kd4 Ra1 51. Ra6 Rxa4+ 52. Ke5
Rb4 53. Ra7+ Kf8 54. Kf6 Rb6+ 55. Kg5 a4 56. Rxa4 Kf7 57. Ra7+ Kg8 58. f6 Rb1
1/2-1/2

[Event "Malakoff op 10th"]
[Site "Malakoff"]
[Date "2010.04.22"]
[Round "7"]
[White "Shirazi, Kamran "]
[Black "Malaniuk, Vladimir P"]
[Result "0-1"]
[WhiteElo "2457"]
[BlackElo "2582"]
[PlyCount "131"]
[EventDate "2010.04.18"]
[EventType "swiss"]
[EventCountry "FRA"]

1. b3 e5 2. Bb2 Nc6 3. e3 Nf6 4. Bb5 Bd6 5. Nf3 e4 6. Nh4 Be5 7. d4 exd3 8. c3
Ne4 9. Nf3 Bf6 10. Bxd3 d5 11. Qc2 Bf5 12. Nd4 Bxd4 13. exd4 Bg6 14. O-O O-O
15. Na3 Qd7 16. Rae1 Rfe8 17. Re3 Nd6 18. Rfe1 Rxe3 19. Rxe3 Re8 20. Qe2 Rxe3
21. Qxe3 Qe7 22. Bxg6 hxg6 23. Nc2 Qd7 24. Qf3 Qf5 25. Qxf5 Nxf5 26. Ba3 f6 27.
g4 Nfe7 28. Ne3 Kf7 29. h4 Ke6 30. Kh2 Nc8 31. Kg3 N6e7 32. f3 c6 33. Kf4 Nd6
34. Bxd6 Kxd6 35. h5 Ke6 36. hxg6 Nxg6+ 37. Kg3 Ne7 38. f4 g6 39. Kh4 b6 40.
Kg3 a5 41. Kf3 Nc8 42. f5+ gxf5 43. Nxf5 b5 44. Ke3 Kf7 45. Kd3 Kg6 46. c4
dxc4+ 47. bxc4 b4 48. d5 c5 49. Ng3 Nb6 50. Ne4 Nd7 51. Kc2 a4 52. Kb1 f5 53.
gxf5+ Kxf5 54. Nd6+ Ke5 55. Nb5 Nb6 56. d6 Ke6 57. a3 Nxc4 58. axb4 cxb4 59.
Kc2 Kd7 60. Kd3 Nb6 61. Nc7 Kxd6 62. Na6 b3 63. Kc3 Kd5 64. Kb2 Kc6 65. Ka3 Kb5
66. Nb8 0-1

[Event "Malakoff op 10th"]
[Site "Malakoff"]
[Date "2010.04.22"]
[Round "7"]
[White "Das, Arghyadip"]
[Black "Karpatchev, Aleksandr"]
[Result "1-0"]
[WhiteElo "2419"]
[BlackElo "2483"]
[PlyCount "67"]
[EventDate "2010.04.18"]
[EventType "swiss"]
[EventCountry "FRA"]

1. e4 e5 2. Nf3 Nc6 3. Bc4 Nf6 4. Ng5 d5 5. exd5 b5 6. Bf1 h6 7. Nxf7 Kxf7 8.
dxc6 Qd5 9. Qf3 Qc5 10. Qc3 b4 11. Qxc5 Bxc5 12. Bc4+ Be6 13. Bxe6+ Kxe6 14. d3
Rhf8 15. a3 Nd5 16. Rf1 Rab8 17. axb4 Nxb4 18. Na3 Kd6 19. f3 Kxc6 20. Bd2 Kd5
21. Kd1 Nc6 22. Nc4 g5 23. h3 Rg8 24. c3 h5 25. b4 Bb6 26. Re1 Bf2 27. Re2 Bg3
28. Ra6 Bf4 29. Bxf4 gxf4 30. Nxe5 Nxe5 31. Ra5+ Kd6 32. Raxe5 Rg6 33. Rxh5
Rbg8 34. Rf5 1-0

[Event "Malakoff op 10th"]
[Site "Malakoff"]
[Date "2010.04.22"]
[Round "7"]
[White "Toulzac, Pierre Yves"]
[Black "Sengupta, Deep"]
[Result "0-1"]
[WhiteElo "2231"]
[BlackElo "2496"]
[PlyCount "58"]
[EventDate "2010.04.18"]
[EventType "swiss"]
[EventCountry "FRA"]

1. d4 d5 2. e4 dxe4 3. Nc3 Nf6 4. f3 exf3 5. Nxf3 Bg4 6. h3 Bxf3 7. Qxf3 c6 8.
Be3 e6 9. Bd3 Nbd7 10. O-O Qc7 11. Ne4 h6 12. c4 O-O-O 13. b4 Nxe4 14. Bxe4 f5
15. Bc2 Nb6 16. c5 Nd5 17. Rab1 g5 18. b5 Bg7 19. Bf2 Nf4 20. b6 axb6 21. cxb6
Qd6 22. Rfd1 Qd5 23. Rb3 Qxf3 24. Rxf3 Ne2+ 25. Kf1 Nxd4 26. Ra3 Kb8 27. Bd3
Nb5 28. Rb3 Nc3 29. Rd2 Rd5 0-1

[Event "Malakoff op 10th"]
[Site "Malakoff"]
[Date "2010.04.23"]
[Round "8"]
[White "Sengupta, Deep"]
[Black "Das, Arghyadip"]
[Result "1/2-1/2"]
[WhiteElo "2496"]
[BlackElo "2419"]
[PlyCount "22"]
[EventDate "2010.04.18"]
[EventType "swiss"]
[EventCountry "FRA"]

1. d4 Nf6 2. Nf3 e6 3. c4 b6 4. g3 Ba6 5. b3 b5 6. cxb5 Bxb5 7. Bg2 d5 8. O-O
Be7 9. Nc3 Ba6 10. Qc2 O-O 11. Rd1 Nbd7 1/2-1/2

[Event "Malakoff op 10th"]
[Site "Malakoff"]
[Date "2010.04.23"]
[Round "8"]
[White "Le Bris, Louis"]
[Black "Prasanna Raghuram, Rao"]
[Result "0-1"]
[WhiteElo "1852"]
[BlackElo "2306"]
[PlyCount "38"]
[EventDate "2010.04.18"]
[EventType "swiss"]
[EventCountry "FRA"]

1. e4 e5 2. Nf3 Nc6 3. Bc4 Nf6 4. Ng5 d5 5. exd5 b5 6. Bf1 h6 7. Nxf7 Kxf7 8.
dxc6 Bc5 9. Bxb5 Rf8 10. Bc4+ Ke7 11. O-O Ng4 12. Qe2 Ke8 13. h3 Bxf2+ 14. Kh1
Qh4 15. Qd3 Bf5 16. Qf3 e4 17. Qb3 e3 18. Be2 Qxh3+ 19. gxh3 Be4+ 0-1

[Event "Malakoff op 10th"]
[Site "Malakoff"]
[Date "2010.04.23"]
[Round "8"]
[White "Malaniuk, Vladimir P"]
[Black "Diamant, Andre"]
[Result "1/2-1/2"]
[WhiteElo "2582"]
[BlackElo "2486"]
[PlyCount "38"]
[EventDate "2010.04.18"]
[EventType "swiss"]
[EventCountry "FRA"]

1. d4 Nf6 2. Nf3 e6 3. c4 b6 4. e3 Bb7 5. Bd3 d5 6. O-O Nbd7 7. b3 Bd6 8. Nc3
O-O 9. Bb2 a6 10. Rc1 Qe7 11. cxd5 exd5 12. Ne2 Ne4 13. Qc2 Rac8 14. Ng3 f5 15.
Qe2 Ra8 16. Rc2 f4 17. exf4 Rxf4 18. Rfc1 Ndf6 19. Rf1 Ng4 1/2-1/2

[Event "Malakoff op 10th"]
[Site "Malakoff"]
[Date "2010.04.23"]
[Round "8"]
[White "Giffard, Nicolas"]
[Black "Zubarev, Alexander"]
[Result "0-1"]
[WhiteElo "2361"]
[BlackElo "2536"]
[PlyCount "82"]
[EventDate "2010.04.18"]
[EventType "swiss"]
[EventCountry "FRA"]

1. d4 Nf6 2. c4 g6 3. Nc3 Bg7 4. e4 O-O 5. Bd3 d6 6. Nge2 Nc6 7. O-O e5 8. d5
Ne7 9. a4 a5 10. Bc2 Nd7 11. Ra3 Nc5 12. Be3 b6 13. Qc1 f5 14. exf5 Nxf5 15.
Bg5 Bf6 16. Bxf6 Qxf6 17. Bxf5 Bxf5 18. Nb5 Bd3 19. Qd2 Bxc4 20. Nxc7 Rac8 21.
Rf3 Qe7 22. Rxf8+ Rxf8 23. Nb5 Nxa4 24. Na3 Ba6 25. Re1 Qh4 26. Nc3 Nc5 27. g3
Qh3 28. Nab5 Qd7 29. Na3 Nd3 30. Re2 Nf4 31. gxf4 Qg4+ 32. Kh1 Qf3+ 33. Kg1
Rxf4 34. h3 Qxh3 35. Ne4 h5 36. Nc2 Bxe2 37. Qxe2 Qg4+ 38. Ng3 h4 39. Ne3 Qg5
40. Qc2 hxg3 41. Qc8+ Kg7 0-1

[Event "Malakoff op 10th"]
[Site "Malakoff"]
[Date "2010.04.23"]
[Round "8"]
[White "Panbukchian, Valentin"]
[Black "Calistri, Tristan"]
[Result "1-0"]
[WhiteElo "2375"]
[BlackElo "2400"]
[PlyCount "83"]
[EventDate "2010.04.18"]
[EventType "swiss"]
[EventCountry "FRA"]

1. f4 Nf6 2. Nf3 g6 3. g3 Bg7 4. Bg2 c5 5. O-O d5 6. d3 Nc6 7. Qe1 O-O 8. c3 d4
9. Na3 Rb8 10. Nc2 b6 11. c4 Re8 12. b4 Nxb4 13. Nxb4 cxb4 14. Ne5 Qd6 15. Nc6
Rb7 16. Qxb4 Rc7 17. Qxd6 exd6 18. Re1 Bb7 19. Nb4 Bxg2 20. Kxg2 d5 21. Nxd5
Nxd5 22. cxd5 Rd8 23. Ba3 Bf8 24. Bxf8 Kxf8 25. Rac1 Rdc8 26. Rxc7 Rxc7 27. Kf3
f5 28. e4 dxe3 29. Rxe3 Re7 30. Re5 Rxe5 31. fxe5 g5 32. d6 Kf7 33. d7 Ke7 34.
e6 b5 35. Ke3 b4 36. Kd4 f4 37. Kc5 f3 38. Kc6 f2 39. Kc7 f1=Q 40. d8=Q+ Kxe6
41. Qe8+ Kd5 42. Qe4+ 1-0

[Event "Malakoff op 10th"]
[Site "Malakoff"]
[Date "2010.04.23"]
[Round "8"]
[White "Karpatchev, Aleksandr"]
[Black "Stoenescu, Radu"]
[Result "1-0"]
[WhiteElo "2483"]
[BlackElo "2178"]
[PlyCount "109"]
[EventDate "2010.04.18"]
[EventType "swiss"]
[EventCountry "FRA"]

1. e4 c5 2. c3 d5 3. exd5 Qxd5 4. Nf3 Nf6 5. Na3 a6 6. Nc4 Nbd7 7. Ne3 Qc6 8.
d4 cxd4 9. cxd4 e6 10. Bd2 b5 11. a4 Bb7 12. Bd3 Be7 13. axb5 axb5 14. Rxa8+
Bxa8 15. Qe2 b4 16. Bb5 Qb7 17. d5 O-O 18. dxe6 fxe6 19. Bc4 Nc5 20. Nf5 Bd8
21. Be3 Bb6 22. Nd6 Qe7 23. Bxc5 Bxc5 24. Qxe6+ Qxe6+ 25. Bxe6+ Kh8 26. Nf7+
Kg8 27. N7e5+ Kh8 28. Ng5 g6 29. O-O Bd4 30. Nef7+ Kg7 31. Bc4 Bxb2 32. Rd1 Be4
33. Nd6 Bf5 34. Nxf5+ gxf5 35. Ne6+ Kg8 36. Nxf8+ Kxf8 37. f3 Kg7 38. Kf2 Kg6
39. Rd8 Bc3 40. g3 Bb2 41. Rb8 Bc3 42. Bd3 Nd7 43. Rb5 Ne5 44. Bb1 Kf6 45. Kg2
Nc4 46. Rxf5+ Kg7 47. Rg5+ Kh6 48. Rb5 Nd2 49. Bc2 Nc4 50. Kh3 Ne5 51. f4 Ng6
52. Rb7 Nf8 53. g4 Bd2 54. Rf7 b3 55. g5+ 1-0

[Event "Malakoff op 10th"]
[Site "Malakoff"]
[Date "2010.04.23"]
[Round "8"]
[White "Gollain, Marc"]
[Black "Shirazi, Kamran "]
[Result "1/2-1/2"]
[WhiteElo "2188"]
[BlackElo "2457"]
[PlyCount "135"]
[EventDate "2010.04.18"]
[EventType "swiss"]
[EventCountry "FRA"]

1. Nf3 Nf6 2. c4 b6 3. g3 Bb7 4. Bg2 e5 5. Nc3 d6 6. O-O c5 7. e3 Nbd7 8. d4
exd4 9. exd4 Be7 10. d5 O-O 11. Re1 a6 12. b3 b5 13. Bb2 Re8 14. Qc2 h6 15. Nh4
bxc4 16. bxc4 Ne5 17. Rxe5 dxe5 18. d6 Bxg2 19. dxe7 Qxe7 20. Nxg2 Rab8 21. Rd1
Red8 22. Rxd8+ Qxd8 23. Ne3 Qb6 24. Ncd1 Qe6 25. Qf5 Qxf5 26. Nxf5 Ne4 27. Nfe3
f6 28. Kf1 Kf7 29. Ke2 Ke6 30. f3 Nd6 31. Kd3 h5 32. Ba3 Rc8 33. Nc3 f5 34.
Ned5 g5 35. Nb6 Rd8 36. Nbd5 Rc8 37. Bc1 g4 38. fxg4 hxg4 39. Na4 Ne4 40. Be3
Rh8 41. Bg1 Rb8 42. Kc2 Kd6 43. Be3 Rb7 44. Bg1 Rh7 45. Kd3 Rh3 46. Ne3 Ke6 47.
Nd5 Rh7 48. Kc2 Ng5 49. Nxc5+ Kd6 50. Nxa6 Nf3 51. Bc5+ Kc6 52. Be3 Rxh2+ 53.
Kc3 Rg2 54. Nab4+ Kd7 55. c5 Rxg3 56. c6+ Kc8 57. c7 Nd4 58. Na6 Nb5+ 59. Kc4
Nxc7 60. Ne7+ Kd7 61. Nxf5 Rf3 62. Nc5+ Kc6 63. Ne7+ Kb6 64. Nc8+ Kc6 65. Ne7+
Kd6 66. Nc8+ Kc6 67. Ne7+ Kd6 68. Nc8+ 1/2-1/2

[Event "Ermont 01st Op"]
[Site "Ermont"]
[Date "2009.05.08"]
[Round "1.1"]
[White "Touati, Bruno"]
[Black "Guliyev, Namig"]
[Result "0-1"]
[WhiteElo "1819"]
[BlackElo "2534"]
[PlyCount "56"]
[EventDate "2009.05.12"]
[EventType "swiss"]
[EventRounds "6"]
[EventCountry "FRA"]

1. Nf3 Nf6 2. c4 e6 3. g3 d5 4. cxd5 exd5 5. Bg2 Bd6 6. O-O O-O 7. d4 Re8 8.
Re1 Bg4 9. Nc3 c6 10. Bg5 Nbd7 11. Qb3 Qb6 12. Qxb6 axb6 13. Nd2 h6 14. Bxf6
Nxf6 15. f3 Be6 16. e4 dxe4 17. fxe4 Bf8 18. d5 Bc5+ 19. Kh1 Bd7 20. Nb3 Bd6
21. Rad1 Be5 22. Nc1 c5 23. Rd2 b5 24. Nd3 b4 25. Nxe5 bxc3 26. Nxd7 cxd2 27.
Nxf6+ gxf6 28. Rd1 Rxa2 0-1

[Event "Ermont 01st Op"]
[Site "Ermont"]
[Date "2009.05.08"]
[Round "1.2"]
[White "Shoker, Samy"]
[Black "Dagonia, Steve"]
[Result "1-0"]
[WhiteElo "2404"]
[BlackElo "1803"]
[PlyCount "47"]
[EventDate "2009.05.12"]
[EventType "swiss"]
[EventRounds "6"]
[EventCountry "FRA"]

1. Nf3 Nf6 2. g3 e6 3. Bg2 c5 4. O-O Nc6 5. d3 d5 6. Nbd2 Be7 7. e4 O-O 8. Re1
Qc7 9. e5 Nd7 10. Qe2 Re8 11. h4 g6 12. c4 Nb6 13. Nf1 Bd7 14. N1h2 dxc4 15.
dxc4 Nd4 16. Nxd4 cxd4 17. b3 Bc6 18. Bg5 Bc5 19. Bd2 Be7 20. Ng4 Nd7 21. Rad1
a5 22. Bg5 Bb4 23. Rf1 Bc3 24. Be4 1-0

[Event "Ermont 01st Op"]
[Site "Ermont"]
[Date "2009.05.08"]
[Round "1.3"]
[White "Eischen, G."]
[Black "Debray, Christopher"]
[Result "0-1"]
[WhiteElo "1790"]
[BlackElo "2299"]
[PlyCount "28"]
[EventDate "2009.05.12"]
[EventType "swiss"]
[EventRounds "6"]
[EventCountry "FRA"]

1. d4 d5 2. c4 dxc4 3. Nc3 Nf6 4. e4 e5 5. d5 c6 6. Bxc4 Bb4 7. f3 cxd5 8. Bxd5
Nxd5 9. exd5 O-O 10. Nge2 Qh4+ 11. Kf1 Nd7 12. Ne4 f5 13. Ng5 Nf6 14. Qb3 Qe1#
0-1

[Event "Ermont 01st Op"]
[Site "Ermont"]
[Date "2009.05.08"]
[Round "1.4"]
[White "Pozdnjakov, Evgueniy"]
[Black "Gallet, Gilles"]
[Result "1-0"]
[WhiteElo "2263"]
[BlackElo "1790"]
[PlyCount "39"]
[EventDate "2009.05.12"]
[EventType "swiss"]
[EventRounds "6"]
[EventCountry "FRA"]

1. d4 d5 2. Nf3 Nf6 3. e3 Bg4 4. c4 c6 5. cxd5 cxd5 6. Qb3 Bxf3 7. gxf3 Qc7 8.
Nc3 e6 9. e4 dxe4 10. fxe4 Nc6 11. Be3 a6 12. Rc1 Ng4 13. Be2 Nxe3 14. fxe3 Be7
15. O-O Qa5 16. d5 exd5 17. exd5 Nd8 18. Ne4 O-O 19. d6 Bf6 20. Rc5 1-0

[Event "Ermont 01st Op"]
[Site "Ermont"]
[Date "2009.05.08"]
[Round "1.5"]
[White "Jeannesson, Etienne"]
[Black "Le Minh Trung, Remy"]
[Result "1/2-1/2"]
[WhiteElo "1780"]
[BlackElo "2078"]
[PlyCount "57"]
[EventDate "2009.05.12"]
[EventType "swiss"]
[EventRounds "6"]
[EventCountry "FRA"]

1. e4 c5 2. Nc3 Nc6 3. d3 e6 4. g3 d5 5. Bg2 d4 6. Nce2 Be7 7. f4 Nf6 8. h3 O-O
9. Nf3 b5 10. O-O Qb6 11. Kh2 Rd8 12. g4 Bb7 13. b3 Rac8 14. Bb2 Rc7 15. Rb1
Rcd7 16. Ng3 Qa6 17. Qe2 Qxa2 18. g5 Ne8 19. f5 c4 20. bxc4 bxc4 21. fxe6 fxe6
22. Qf2 Nd6 23. Nxd4 cxd3 24. cxd3 Nxd4 25. Qxd4 Bxg5 26. Qc3 Qa6 27. Qe5 Bh6
28. Qxe6+ Nf7 29. Qg4 1/2-1/2

[Event "Ermont 01st Op"]
[Site "Ermont"]
[Date "2009.05.08"]
[Round "2.1"]
[White "Guliyev, Namig"]
[Black "Saunier, Serge"]
[Result "1-0"]
[WhiteElo "2534"]
[BlackElo "1896"]
[PlyCount "61"]
[EventDate "2009.05.12"]
[EventType "swiss"]
[EventRounds "6"]
[EventCountry "FRA"]

1. e4 e6 2. d4 d5 3. Nc3 Bb4 4. e5 c5 5. a3 Bxc3+ 6. bxc3 Qa5 7. Bd2 Qa4 8. Qb1
c4 9. h4 Ne7 10. h5 Nd7 11. h6 g6 12. Nf3 b6 13. Bg5 Nc6 14. Qc1 Ba6 15. Nh2
Qa5 16. Qd2 b5 17. Ng4 Rb8 18. Be2 b4 19. cxb4 Nxb4 20. O-O Nc6 21. Qf4 Qc3 22.
Nf6+ Nxf6 23. Qxf6 Rg8 24. Rab1 Rb2 25. Bg4 Bc8 26. Qg7 Rf8 27. Qxh7 Qxd4 28.
Rxb2 Qxb2 29. Bf6 Kd7 30. Qg7 Qxa3 31. h7 1-0

[Event "Ermont 01st Op"]
[Site "Ermont"]
[Date "2009.05.08"]
[Round "2.2"]
[White "Andrieu, Philippe"]
[Black "Shoker, Samy"]
[Result "0-1"]
[WhiteElo "1914"]
[BlackElo "2404"]
[PlyCount "54"]
[EventDate "2009.05.12"]
[EventType "swiss"]
[EventRounds "6"]
[EventCountry "FRA"]

1. d4 g6 2. e4 Bg7 3. Bc4 d6 4. Nf3 e6 5. O-O a6 6. a4 b6 7. Bg5 Ne7 8. c3 Nd7
9. Nbd2 Bb7 10. Re1 h6 11. Bxe7 Qxe7 12. e5 dxe5 13. dxe5 O-O 14. Qe2 Rfd8 15.
Rad1 a5 16. Bb3 Nc5 17. Bc2 Ba6 18. Nc4 Rd5 19. b4 axb4 20. cxb4 Nxa4 21. Ra1
Nc3 22. Qe3 Qxb4 23. Ra3 Rc5 24. Rxc3 Rxc4 25. Rxc4 Qxc4 26. Be4 Rd8 27. Rc1
Qe2 0-1

[Event "Ermont 01st Op"]
[Site "Ermont"]
[Date "2009.05.08"]
[Round "2.3"]
[White "Debray, Christopher"]
[Black "Wahiche, Geoffrey"]
[Result "1-0"]
[WhiteElo "2299"]
[BlackElo "1890"]
[PlyCount "137"]
[EventDate "2009.05.12"]
[EventType "swiss"]
[EventRounds "6"]
[EventCountry "FRA"]

1. e4 c5 2. Nf3 d6 3. Bb5+ Bd7 4. Bxd7+ Nxd7 5. O-O e6 6. d4 cxd4 7. Qxd4 Ngf6
8. Nc3 a6 9. Bg5 Be7 10. Rad1 Qc7 11. Bh4 O-O 12. Bg3 e5 13. Qe3 b5 14. a3 Nb6
15. Qc1 Rac8 16. Bh4 Rfd8 17. Rfe1 Qc4 18. Qe3 Qc7 19. Rd3 Nc4 20. Qc1 Nb6 21.
Red1 Nh5 22. Bxe7 Qxe7 23. g3 Nf6 24. Nh4 g6 25. Qg5 Nfd5 26. Qxe7 Nxe7 27.
Rxd6 Rxd6 28. Rxd6 Nc4 29. Rxa6 Nxb2 30. Nxb5 Rxc2 31. Ra7 Kf8 32. Nf3 Rc5 33.
Nd6 h6 34. Ra8+ Kg7 35. Ne8+ Kf8 36. Nd6+ Kg7 37. Ra7 Kf8 38. Kg2 Nd3 39. Ra8+
Kg7 40. Ne8+ Kf8 41. Rd8 Rc3 42. a4 Nc6 43. Rc8 Rc2 44. Nf6+ Kg7 45. Ng4 Rc5
46. h4 Rc4 47. Ne3 Rc5 48. h5 Ndb4 49. hxg6 fxg6 50. Rc7+ Kg8 51. Nd5 Ra5 52.
Nf6+ Kf8 53. Nh4 Ne7 54. Nd7+ Kf7 55. Nb6 Nbc6 56. f4 Ra7 57. Nc8 exf4 58. gxf4
Rxa4 59. f5 Kf6 60. Nxe7 Nxe7 61. e5+ Kg5 62. Rxe7 gxf5 63. Nf3+ Kf4 64. Ne1
Ra2+ 65. Kf1 Ra5 66. Re8 h5 67. e6 Ke5 68. e7 Ra7 69. Ng2 1-0